Todo el universo / (Registro nro. 10556)
[ vista simple ]
| 000 -LEADER | |
|---|---|
| fixed length control field | 01382cam a2200325 i 4500 |
| 001 - CONTROL NUMBER | |
| control field | 10556 |
| 003 - CONTROL NUMBER IDENTIFIER | |
| control field | Mx-PuUPA |
| 005 - DATE AND TIME OF LATEST TRANSACTION | |
| control field | 20200518114718.0 |
| 008 - FIXED-LENGTH DATA ELEMENTS--GENERAL INFORMATION | |
| fixed length control field | 140415s1993 mx a r 000 0 spa d |
| 020 ## - INTERNATIONAL STANDARD BOOK NUMBER | |
| International Standard Book Number | 970611324X (obra completa edición mexicana) |
| 040 ## - CATALOGING SOURCE | |
| Original cataloging agency | MX-PuUPA |
| Language of cataloging | spa |
| Description conventions | rda |
| Transcribing agency | Mx-PuUPA |
| Modifying agency | Mx-PuUPA |
| 041 0# - LANGUAGE CODE | |
| Language code of text/sound track or separate title | spa |
| 245 00 - TITLE STATEMENT | |
| Title | Todo el universo / |
| Statement of responsibility, etc. | dirección de la obra Julia Millan, Tomás Rodríguez Couto ; equipo editorial Andreu Collell [y otros tres] ; redacción y corrección Sergio Aguilar, Susana Andrés, Pilar Anglada [y otros nueve] ; ilustración Pepita Casals. |
| 264 #1 - PRODUCTION, PUBLICATION, DISTRIBUTION, MANUFACTURE, AND COPYRIGHT NOTICE | |
| Place of production, publication, distribution, manufacture | [México, D.F.] : |
| Name of producer, publisher, distributor, manufacturer | Hachete Latinoamérica, Salvat Editores, |
| Date of production, publication, distribution, manufacture, or copyright notice | 1993 |
| 300 ## - PHYSICAL DESCRIPTION | |
| Extent | 16 volúmenes (paginación varía) : |
| Other physical details | ilustraciones ; |
| Dimensions | 29 cm. |
| 336 ## - CONTENT TYPE | |
| Content type term | texto |
| Fuente | rdacontent |
| Content type code | txt |
| 337 ## - MEDIA TYPE | |
| Media type term | sin medio |
| Source | rdamedia |
| Media type code | n |
| 338 ## - CARRIER TYPE | |
| Carrier type term | volumen |
| Source | rdacarrier |
| Carrier type code | nc |
| 650 #4 - SUBJECT ADDED ENTRY--TOPICAL TERM | |
| Topical term or geographic name entry element | Enciclopedias y diccionarios para niños, español |
| 650 #4 - SUBJECT ADDED ENTRY--TOPICAL TERM | |
| Topical term or geographic name entry element | Enciclopedias y diccionarios, español |
| 700 1# - ADDED ENTRY--PERSONAL NAME | |
| Personal name | Millan, Julia, |
| Relator term | director |
| 700 1# - ADDED ENTRY--PERSONAL NAME | |
| Personal name | Rodríguez Couto, Tomás, |
| Relator term | director |
| 700 1# - ADDED ENTRY--PERSONAL NAME | |
| Personal name | Collell, Andreu, |
| Relator term | editor |
| 700 1# - ADDED ENTRY--PERSONAL NAME | |
| Personal name | Aguilar, Sergio, |
| Relator term | colaborador |
| 700 1# - ADDED ENTRY--PERSONAL NAME | |
| Personal name | Andrés, Susana, |
| Numeration | colaborador |
| 700 1# - ADDED ENTRY--PERSONAL NAME | |
| Personal name | Anglada, Pilar, |
| Number of part/section of a work | colaborador |
| 700 1# - ADDED ENTRY--PERSONAL NAME | |
| Personal name | Casals, Pepita, |
| Relator term | ilustrador |
| 942 ## - ADDED ENTRY ELEMENTS (KOHA) | |
| Source of classification or shelving scheme | Dewey Decimal Classification |
| Koha item type | Libro |
| Classification part | 523.1 |
| Item part | T633 |
| Withdrawn status | Lost status | Source of classification or shelving scheme | Damaged status | Not for loan | Collection code | Home library | Current library | Shelving location | Date acquired | Source of acquisition | Total Checkouts | Full call number | Barcode | Price effective from | Koha item type | Date last seen | Total Renewals | Date last checked out |
|---|---|---|---|---|---|---|---|---|---|---|---|---|---|---|---|---|---|---|
| Dewey Decimal Classification | Referencia | Biblioteca Karol Wojtyla | Biblioteca Karol Wojtyla | Área de silencio | 03/12/2013 | Compra | 523.1 TOD 1993 | 25517 | 16/05/2018 | Libro R | ||||||||
| Dewey Decimal Classification | Referencia | Biblioteca Karol Wojtyla | Biblioteca Karol Wojtyla | Área de silencio | 03/12/2013 | Compra | 523.1 TOD 1993 | 25522 | 16/05/2018 | Libro R | 05/01/2026 | |||||||
| Dewey Decimal Classification | Referencia | Biblioteca Karol Wojtyla | Biblioteca Karol Wojtyla | Área de silencio | 03/12/2013 | Compra | 523.1 TOD 1993 | 25516 | 16/05/2018 | Libro R | ||||||||
| Dewey Decimal Classification | Referencia | Biblioteca Karol Wojtyla | Biblioteca Karol Wojtyla | Área de silencio | 03/12/2013 | Compra | 523.1 TOD 1993 | 25524 | 16/05/2018 | Libro R | 05/01/2026 | |||||||
| Dewey Decimal Classification | Referencia | Biblioteca Karol Wojtyla | Biblioteca Karol Wojtyla | Área de silencio | 03/12/2013 | Compra | 523.1 TOD 1993 | 25526 | 16/05/2018 | Libro R | 05/01/2026 | |||||||
| Dewey Decimal Classification | Referencia | Biblioteca Karol Wojtyla | Biblioteca Karol Wojtyla | Área de silencio | 03/12/2013 | Compra | 523.1 TOD 1993 | 25523 | 16/05/2018 | Libro R | 05/01/2026 | |||||||
| Dewey Decimal Classification | Referencia | Biblioteca Karol Wojtyla | Biblioteca Karol Wojtyla | Área de silencio | 03/12/2013 | Compra | 523.1 TOD 1993 | 25527 | 16/05/2018 | Libro R | 05/01/2026 | |||||||
| Dewey Decimal Classification | Referencia | Biblioteca Karol Wojtyla | Biblioteca Karol Wojtyla | Área de silencio | 03/12/2013 | Compra | 523.1 TOD 1993 | 25525 | 16/05/2018 | Libro R | 05/01/2026 | |||||||
| Dewey Decimal Classification | Referencia | Biblioteca Karol Wojtyla | Biblioteca Karol Wojtyla | Área de silencio | 03/12/2013 | Compra | 523.1 TOD 1993 | 25514 | 16/05/2018 | Libro R | 05/01/2026 | |||||||
| Dewey Decimal Classification | Referencia | Biblioteca Karol Wojtyla | Biblioteca Karol Wojtyla | Área de silencio | 03/12/2013 | Compra | 523.1 TOD 1993 | 25519 | 16/05/2018 | Libro R | ||||||||
| Dewey Decimal Classification | Referencia | Biblioteca Karol Wojtyla | Biblioteca Karol Wojtyla | Área de silencio | 03/12/2013 | Compra | 523.1 TOD 1993 | 25515 | 16/05/2018 | Libro R | 05/01/2026 | |||||||
| Dewey Decimal Classification | Referencia | Biblioteca Karol Wojtyla | Biblioteca Karol Wojtyla | Área de silencio | 03/12/2013 | Compra | 523.1 TOD 1993 | 25513 | 16/05/2018 | Libro R | 05/01/2026 | |||||||
| Dewey Decimal Classification | Referencia | Biblioteca Karol Wojtyla | Biblioteca Karol Wojtyla | Área de silencio | 03/12/2013 | Compra | 1 | 523.1 TOD 1993 | 25520 | 16/05/2018 | Libro R | 19/07/2018 | 1 | 18/07/2018 | ||||
| Dewey Decimal Classification | Referencia | Biblioteca Karol Wojtyla | Biblioteca Karol Wojtyla | Área de silencio | 03/12/2013 | Compra | 523.1 TOD 1993 | 25521 | 16/05/2018 | Libro R | 05/01/2026 | |||||||
| Dewey Decimal Classification | Referencia | Biblioteca Karol Wojtyla | Biblioteca Karol Wojtyla | Área de silencio | 03/12/2013 | Compra | 523.1 TOD 1993 | 25518 | 16/05/2018 | Libro R | 05/01/2026 | |||||||
| Dewey Decimal Classification | Referencia | Biblioteca Karol Wojtyla | Biblioteca Karol Wojtyla | Área de silencio | 03/12/2013 | Compra | 523.1 TOD 1993 | 25528 | 16/05/2018 | Libro R | 05/01/2026 |